The logic of education
Αποθηκεύτηκε σε:
| Κύριος συγγραφέας: | |
|---|---|
| Άλλοι συγγραφείς: | |
| Μορφή: | Βιβλίο |
| Γλώσσα: | English |
| Δημοσίευση: |
London :
Routledge & Kegan Paul,
1987 repr., c1970
|
| Σειρά: | Students library of education
|
| Θέματα: | |
| Ετικέτες: |
Προσθήκη ετικέτας
Δεν υπάρχουν, Καταχωρήστε ετικέτα πρώτοι!
|
MARC
| LEADER | 00000nam a2200000 i 4500 | ||
|---|---|---|---|
| 001 | 1/23529 | ||
| 008 | 960716r19871970 eng d | ||
| 020 | |a 0-7100-6948-0 | ||
| 035 | |a 1988 |b 3 |c Καϊλα |l 10036871 | ||
| 040 | |a GR-MY-UA |b gre |e aacr | ||
| 041 | 0 | |a eng | |
| 082 | 0 | |a 370.1 | |
| 100 | 1 | |a Hirst, Paul Heywood. | |
| 245 | 1 | 4 | |a The logic of education / |c P. H. Hirst and R. S. Peters |
| 260 | |a London : |b Routledge & Kegan Paul, |c 1987 repr., c1970 | ||
| 300 | |a 147 p. | ||
| 490 | 1 | |a Students library of education | |
| 504 | |a Includes index | ||
| 650 | 0 | 0 | |a Education |x Philosophy. |
| 700 | 1 | |a Peters, Richard Stanley |d 1919- | |
| 830 | 0 | |a Students library of education | |
| 852 | |a INST |b RHODES |e 19960716 |h 370.1 HIR |p 005400008976 |q 005400008976 |t BK |y 0 | ||
| 909 | |a Ρ |b 011802 |c 1988 | ||